000 00308nam a22001217a 4500
040 _cNust
082 _a297.7
_bMAS
100 _aMasood Mufti
_99766
245 _aIsamic Names Dictionary
260 _aLahore:
_bIlm-o-Irfan Publishers,
_c2002.
650 _aIsamic Names Dictionary
_9125220
942 _2ddc
_cBK
999 _c610991
_d610991